000 00840nam a2200253Ia 4500
003 OSt
005 20220928125859.0
006 a|||||r|||| 00| 0
007 ta
008 220927b |||||||| |||| 00| 0 eng d
020 _c6113.25
024 _a100460
037 _b387, 01/10/2009, Pioneer Book Distributors
_cTextual
040 _aSDCL
_cSDCL
_beng
041 _2eng
_aeng
082 _aV43:3(Q7)'P, P9
100 _aAljunied Syed Muhd Khairudin
_9472187
245 0 _aColonialism, violence and muslims in SouthEast Asia
_b The maria hertogh controversy and its aftermath
260 _aLondon
_bRoutledge
_c2009
300 _axx,185p
_ccm.
650 _aHistory
942 _hV43:3(Q7)'P, P9
_cTEXL
_2CC
999 _c784771
_d784771